Statistics for Largest Cities In Ireland Quiz

Click here to take the quiz!

General Stats

  • This quiz has been taken 14 times
  • The average score is 7 of 15

Answer Stats

PopulationMunicipality% Correct
208,669Cork
100%
1,173,179Dublin
100%
94,192Limerick
92%
53,504Waterford
92%
79,934Galway
83%
26,512Kilkenny
75%
40,956Drogheda
58%
39,004Dundalk
33%
23,691Tralee
25%
32,600Bray
17%
24,272Carlow
8%
25,276Ennis
8%
22,742Newbridge
8%
39,248Swords
8%
30,173Navan
0%

Score Distribution

Percentile by Number Answered

Percent of People with Each Score

Your Score History

You have not taken this quiz